| 000 | 01041cam a2200301 i 4500 | ||
|---|---|---|---|
| 001 | 62064 | ||
| 003 | Mx-PuUPA | ||
| 005 | 20230307094959.0 | ||
| 008 | 150209s1991 mx gr 000 eng d | ||
| 020 | _a9687011289 | ||
| 040 |
_aMx-PuUPA _bspa _cMx-PuUPA _dMx-PuUPA _erda |
||
| 041 | 0 | _aeng | |
| 100 | 1 |
_aScott, Lindy B., _dautor |
|
| 245 | 1 | 0 |
_aSalt of the earth : _ba socio-political history of Mexico city evangelical protestants (1964-1991) / _cLindy Scott |
| 250 | _aFirst printing | ||
| 264 | 1 |
_aMéxico, D.F. : _bEditorial Kyrios, _c©1991 |
|
| 300 |
_a223 páginas ; _c22 cm |
||
| 336 |
_2rdacontent _atexto _btxt |
||
| 337 |
_2rdamedia _asin medio _bn |
||
| 338 |
_2rdacarrier _avolumen _bnc |
||
| 500 | _a"Lindy " Luis" Scott". -- Cubierta. | ||
| 650 | 7 |
_2armarc _aIglesia _xProblemas sociales |
|
| 650 | 7 |
_2armarc _aIglesias protestantes _zMéxico _ySiglo XX |
|
| 651 | 4 |
_aMéxico _xHistoria eclesiástica _ySiglo XX |
|
| 942 |
_2ddc _cLI _h280.409 _iS42 |
||
| 999 |
_c62064 _d62064 |
||